[Event "LUX-chABC"]
[Site "Dudelange"]
[Date "1997.04.01"]
[Round "4.23"]
[White "Dequenne, Sebastian"]
[Black "Klein, Ingo"]
[Result "1/2-1/2"]
[WhiteElo "1615"]
[BlackElo "1800"]
[PlyCount "44"]
[EventDate "1997.03.29"]
[EventType "swiss"]
[EventRounds "9"]
[EventCountry "LUX"]
[SourceTitle "EXT 2013"]
[Source "ChessBase"]
[SourceDate "2012.11.22"]
[SourceVersion "1"]
[SourceVersionDate "2012.11.22"]
[SourceQuality "1"]

1. e4 e5 2. Nf3 Nc6 3. Bb5 a6 4. Ba4 b5 5. Bb3 Bc5 6. 0-0 h6 7. c3 d6 8. d4 Bb6 9. Be3 Bg4 10. Bd5 Nge7 11. Bxc6+ Nxc6 12. d5 Ne7 13. Bxb6 cxb6 14. Qd3 0-0 15. Ne1 f5 16. f3 fxe4 17. fxe4 Rxf1+ 18. Qxf1 Qc7 19. Nd3 Rf8 20. Qe1 Bh5 21. Nd2 Bg6 22. Qe3 Kh8 1/2-1/2

[Event "LUX-chABC"]
[Site "Dudelange"]
[Date "1997.03.30"]
[Round "2.22"]
[White "Dequenne, Sebastian"]
[Black "Klein, Jean Paul"]
[Result "0-1"]
[WhiteElo "1615"]
[BlackElo "2040"]
[PlyCount "32"]
[EventDate "1997.03.29"]
[EventType "swiss"]
[EventRounds "9"]
[EventCountry "LUX"]
[SourceTitle "EXT 2013"]
[Source "ChessBase"]
[SourceDate "2012.11.22"]
[SourceVersion "1"]
[SourceVersionDate "2012.11.22"]
[SourceQuality "1"]

1. e4 d6 2. d4 Nf6 3. Nc3 g6 4. Be3 Bg7 5. Bd3 a6 6. Nge2 Nbd7 7. Qd2 h6 8. f3 c5 9. 0-0-0 Qa5 10. g4 b5 11. e5 cxd4 12. Nxd4 Nxe5 13. g5 hxg5 14. Bxg5 b4 15. Nb1 Nxd3+ 16. Qxd3 Qxg5+ 0-1